|
|
|
|
| LEADER |
01149cam a2200265 7i4500 |
| 001 |
0000061106 |
| 005 |
20210922090000.0 |
| 020 |
|
|
|a 9783030119911 (electronic book)
|
| 090 |
0 |
0 |
|a LC213
|b .B76 2019
|
| 100 |
1 |
|
|a Broer, Markus
|
| 245 |
1 |
0 |
|a Socioeconomic inequality and educational outcomes :
|b evidence from twenty years of TIMSS
|c Markus Broer, Yifan Bai, Frank Fonseca.
|
| 264 |
|
|
|a Cham:
|b Springer,
|c 2019.
|
| 300 |
|
|
|a 1 online resource (viii, 83 pages):
|b illustrations, text file, PDF.
|
| 336 |
|
|
|a text
|2 rdacontent
|
| 337 |
|
|
|a computer
|2 rdamedia
|
| 338 |
|
|
|a online resource
|2 rdacarrier
|
| 490 |
0 |
|
|a IEA research for education, a series of in-depth analyses based on data of the International Association for the Evaluation of Educational Achievement (IEA);
|v 5
|
| 650 |
|
0 |
|a Educational equalization
|
| 655 |
|
0 |
|a Electronic books
|
| 700 |
1 |
|
|a Bai, Yifan
|
| 700 |
1 |
|
|a Fonseca, Frank
|
| 856 |
4 |
2 |
|u http://library.unisel.edu.my/web/guest/mylibrary
|
| 997 |
|
|
|a Education & Social Sciences, Faculty
|b Social Sciences, Department
|
| 998 |
|
|
|a Industrial Psychology, Degree
|
| 999 |
|
|
|a EBO0007316
|b EBOOK
|c EBOOK
|e Electronic resources
|